000 01185nam a2200313 c 4500
999 _c116980
_d116980
003 BLK
005 20241204130546.0
008 180409b bul|||||r ||||||| ||bul||
010 _aKNG00122549000
040 _aBLK
041 _aBUL
_cBUL
080 _aАмериканска литература (на САЩ)
_b821.111(73)
_x-31
_z821.111(73)-31
100 1 _aАзимов, Айзък
_eпърви автор
_9364062
139 _aАзимов, Айзък
_bА 36
245 1 0 _aГолото слънце
_bРоман
_cАйзък Азимов; прев. от англ. Юлия Кенова.
257 _aUSA
260 _aПловдив
_bХристо Г. Данов
_c1984
_fСофия : Д. Благоев
300 _a224 с.
_c20 см
380 _aX
500 _aОриг. загл. The naked sun / Isaak Asimov.
700 1 _aКенова, Юлия
_eпрев. от англ.
_978232
852 _aЦб 127784
856 4 _qpdf
_i0.00
_ldisable
856 4 _qpdf
_i0.00
_ldisable
942 _cKNG
_n0
_012
_s1
944 _aCR
_c31.03.2011
_lМинев Младен
_k30530
944 _aED
_c31.03.2011
_lдобави в АБ / 30.03.2011
999 _d116980